000
00246nam a2200109Ia 4500
008
190216s9999||||xx |||||||||||||| ||und||
100
_a
Abhyankar K.D
245
0
_a
Astrophysics
260
_b
University Press
_c
2001
300
_a
543p
942
_c
BK
999
_c
33806
_d
33806